[Event "FRA-ch op-D"]
[Site "Albi"]
[Date "2022.08.20"]
[Round "8"]
[White "Maxence, Paul"]
[Black "Penot, Matthieu"]
[Result "1-0"]
[WhiteElo "1544"]
[BlackElo "1485"]
[PlyCount "97"]
[EventDate "2022.08.13"]
[EventType "swiss"]
[EventRounds "9"]
[EventCountry "FRA"]
[SourceTitle "CBM 210 Extra"]
[Source "ChessBase"]
[SourceDate "2022.11.30"]
[SourceVersion "1"]
[SourceVersionDate "2022.11.30"]
[SourceQuality "1"]

1. d4 d5 2. c4 c6 3. Nf3 Nf6 4. Nc3 dxc4 5. a4 Bf5 6. e3 e6 7. Bxc4 Nbd7 8. 0-0 Bb4 9. h3 Bg6 10. Nh4 Bh5 11. Be2 Bxe2 12. Nxe2 g5 13. Nf3 g4 14. hxg4 Nxg4 15. e4 Rg8 16. e5 Nb6 17. Qd3 Qd7 18. Qxh7 0-0-0 19. Bg5 Be7 20. Bxe7 Qxe7 21. a5 Nd5 22. a6 b6 23. Rfc1 Kd7 24. Qe4 Qf8 25. Nf4 Qg7 26. Nxd5 exd5 27. Qf5+ Kc7 28. Rxc6+ Kb8 29. Qf4 Nxf2 30. Kxf2 Rc8 31. Rxc8+ Kxc8 32. Rc1+ Kd8 33. Qh4+ Kd7 34. Qh3+ Qg4 35. Qxg4+ Rxg4 36. e6+ Kxe6 37. Rc7 Rg8 38. Rxa7 Rc8 39. Rb7 Rc2+ 40. Kg3 Rxb2 41. a7 Ra2 42. Rxb6+ Kf5 43. Rb7 f6 44. Nd2 Ra3+ 45. Nb3 Ke6 46. Kf4 Ra2 47. Nc5+ Kd6 48. Rb6+ Ke7 49. Ra6 1-0

[Event "Pattaya op"]
[Site "Pattaya"]
[Date "2019.10.27"]
[Round "6"]
[White "Penot, Matthieu"]
[Black "Hong, Ian"]
[Result "1-0"]
[WhiteElo "1562"]
[BlackElo "1390"]
[PlyCount "111"]
[EventDate "2019.10.23"]
[EventType "swiss"]
[EventRounds "9"]
[EventCountry "THA"]
[SourceTitle "CBM 195 Extra"]
[Source "ChessBase"]
[SourceDate "2020.05.31"]
[SourceVersion "1"]
[SourceVersionDate "2020.05.31"]
[SourceQuality "1"]

1. d4 Nf6 2. c4 e6 3. Nc3 Bb4 4. Qc2 b6 5. Bg5 Bb7 6. f3 d6 7. a3 Bxc3+ 8. Qxc3 Nbd7 9. e4 c5 10. d5 e5 11. Bd3 0-0 12. Ne2 Re8 13. Qd2 Nf8 14. Bc2 Ng6 15. Ba4 Rf8 16. h4 h6 17. h5 Nh8 18. Bh4 Qe7 19. g4 g5 20. hxg6 fxg6 21. Qxh6 Qg7 22. Qe3 Nh7 23. Ng3 Rf4 24. Ne2 Rf7 25. Kd2 Raf8 26. Raf1 g5 27. Be1 Ng6 28. Ng3 Ne7 29. Nf5 Nxf5 30. gxf5 Qf6 31. Rh5 Rg7 32. Rfh1 Qe7 33. Bd1 Rff7 34. Be2 Qf6 35. Rh6 Qe7 36. Qg1 Rf6 37. R6h2 Rff7 38. Bf1 Bc8 39. Bh3 Bd7 40. Bg4 Rf6 41. Qe3 b5 42. b3 a6 43. Bh5 Nf8 44. Kd3 bxc4+ 45. bxc4 Be8 46. Bxe8 Qxe8 47. Qc1 Qd7 48. Rg1 Nh7 49. Bd2 Qa4 50. Qb2 Rff7 51. Qb8+ Rf8 52. Qxd6 Qxa3+ 53. Bc3 Re8 54. Ra1 Qb3 55. Rb2 Qxb2 56. Bxb2 1-0